[Event "Fredericia WIM 2019"]
[Site "Fredericia"]
[Date "2019.05.29"]
[Round "1.6"]
[White "Kakulidis, Ellen"]
[Black "Sahl, Sheila Barth"]
[Result "0-1"]
[WhiteElo "2014"]
[BlackElo "2127"]
[PlyCount "94"]
[EventDate "2019.05.??"]
[EventType "tourn"]
[EventRounds "9"]
[EventCountry "DEN"]

1. d4 Nf6 2. g3 d5 3. Nf3 Bf5 4. c4 c6 5. Nc3 e6 6. Nh4 dxc4 7. Nxf5 exf5 8. e3
Nbd7 9. Bxc4 Nb6 10. Bf1 Be7 11. Bg2 O-O 12. O-O Re8 13. Qc2 g6 14. b3 Nbd5 15.
Bb2 Bf8 16. Rfe1 Qd7 17. a3 Re6 18. Ne2 Ne4 19. Nc1 f6 20. Nd3 Qe8 21. Rac1 Rd8
22. b4 a5 23. Nc5 Bxc5 24. bxc5 Ng5 25. Bc3 a4 26. Rb1 Ne4 27. Bxe4 Rxe4 28.
Rxb7 f4 29. gxf4 Nxf4 30. Qa2+ Nd5 31. Ba1 Qe6 32. Kf1 Qh3+ 33. Ke2 Rxe3+ 34.
Kd2 Rxa3 35. Qc4 Qxh2 36. Rbe7 Qxf2+ 37. R7e2 Qf4+ 38. Kc2 Kg7 39. Bb2 Ne3+ 40.
Rxe3 Rxe3 41. Rxe3 Qxe3 42. Qxa4 Qe4+ 43. Kb3 g5 44. Qa7+ Kg6 45. Qb6 Re8 46.
Qb7 g4 47. Qc7 Qd3+ 0-1

[Event "Fredericia WIM 2019"]
[Site "Fredericia"]
[Date "2019.05.29"]
[Round "1.7"]
[White "Mayrhuber, Nikola"]
[Black "Sucikova, Svetlana"]
[Result "0-1"]
[WhiteElo "1985"]
[BlackElo "2110"]
[PlyCount "70"]
[EventDate "2019.05.??"]
[EventType "tourn"]
[EventRounds "9"]
[EventCountry "DEN"]

1. d4 d5 2. Nf3 Nf6 3. c4 e6 4. g3 Be7 5. Bg2 O-O 6. O-O c6 7. Qc2 Nbd7 8. b3
b6 9. Rd1 Qc7 10. cxd5 exd5 11. Nc3 Bd6 12. Bb2 Re8 13. Rac1 Ba6 14. Nh4 Rac8
15. Nf5 Bb4 16. Ne3 Qb8 17. a3 Bf8 18. Qf5 g6 19. Qh3 h5 20. Rc2 Rcd8 21. Bf3
Qd6 22. Bc1 Bg7 23. b4 b5 24. Qg2 Nb6 25. Nb1 Nfd7 26. h3 Nf8 27. Nf1 Ne6 28.
e3 Ng5 29. Nfd2 Bc8 30. g4 Qf6 31. Be2 hxg4 32. Bxg4 Bf5 33. Bxf5 Qxf5 34. Rxc6
Nxh3+ 35. Kf1 Rxe3 0-1

[Event "Fredericia WIM 2019"]
[Site "Fredericia"]
[Date "2019.05.29"]
[Round "1.8"]
[White "Kanakova, Natalie"]
[Black "Keetman, Maaike"]
[Result "1/2-1/2"]
[WhiteElo "2205"]
[BlackElo "2146"]
[PlyCount "73"]
[EventDate "2019.05.??"]
[EventType "tourn"]
[EventRounds "9"]
[EventCountry "DEN"]

1. Nf3 e6 2. c4 Nf6 3. e3 b6 4. b3 Bb7 5. Bb2 c5 6. Be2 Be7 7. O-O O-O 8. d4
Ne4 9. Nfd2 Nxd2 10. Nxd2 cxd4 11. Bxd4 Nc6 12. Bb2 d5 13. Bf3 Nb4 14. Qb1 Bf6
15. Bxf6 Qxf6 16. a3 Qc3 17. Rd1 Nd3 18. cxd5 exd5 19. Nf1 Nc5 20. b4 Ne4 21.
Rc1 Qe5 22. Qd3 Rac8 23. Ng3 Qb2 24. Ne2 Nd2 25. Bxd5 Bxd5 26. Qxd5 Rfd8 27.
Qf5 Rxc1+ 28. Rxc1 Nb3 29. Rc8 Qa1+ 30. Nc1 Rf8 31. Qc2 g6 32. Rc3 Nxc1 33.
Qxc1 Qxc1+ 34. Rxc1 Rd8 35. Kf1 Rd3 36. Ra1 Rb3 37. Ke2 1/2-1/2

[Event "Fredericia WIM 2019"]
[Site "Fredericia"]
[Date "2019.05.29"]
[Round "1.9"]
[White "Guindy, Esmat Susanne"]
[Black "Stolberg Rohr, Thomine"]
[Result "1-0"]
[WhiteElo "2156"]
[BlackElo "2025"]
[PlyCount "63"]
[EventDate "2019.05.??"]
[EventType "tourn"]
[EventRounds "9"]
[EventCountry "DEN"]

1. c4 c5 2. Nc3 Nc6 3. g3 g6 4. Bg2 Bg7 5. e3 e6 6. Nge2 Nge7 7. d4 O-O 8. O-O
d6 9. dxc5 dxc5 10. a3 Ne5 11. Qb3 N7c6 12. Rd1 Qe7 13. Qa2 Bd7 14. b3 Rad8 15.
Qc2 Na5 16. Bd2 Bc6 17. Ne4 b6 18. Rab1 f5 19. f4 Bxe4 20. Bxe4 fxe4 21. fxe5
Nc6 22. Bc3 Nxe5 23. Bxe5 Bxe5 24. Qxe4 Bg7 25. Nf4 Rfe8 26. Rd3 Rxd3 27. Qxd3
Rd8 28. Qe4 Rd6 29. Rf1 Bh6 30. Nd5 Qg5 31. Nf6+ Kh8 32. Qa8+ 1-0

[Event "Fredericia WIM 2019"]
[Site "Fredericia"]
[Date "2019.05.29"]
[Round "1.10"]
[White "Kubicka, Anna"]
[Black "Nilssen, Ellen Fredericia"]
[Result "1-0"]
[WhiteElo "2142"]
[BlackElo "2129"]
[PlyCount "113"]
[EventDate "2019.05.??"]
[EventType "tourn"]
[EventRounds "9"]
[EventCountry "DEN"]

1. Nf3 d5 2. c4 c6 3. d4 Nf6 4. cxd5 cxd5 5. Bf4 Nc6 6. Nc3 g6 7. e3 a6 8. Bd3
Bg7 9. Ne5 Nh5 10. Nxc6 bxc6 11. Bg3 Nxg3 12. hxg3 c5 13. dxc5 Qa5 14. Qa4+
Qxa4 15. Nxa4 Bd7 16. Nb6 Bxb2 17. Rb1 Bc3+ 18. Ke2 Ra7 19. Nxd5 Ba5 20. Rb8+
Bd8 21. Rhb1 a5 22. Bb5 O-O 23. c6 Bg4+ 24. f3 Be6 25. Rb7 Ra8 26. e4 Rc8 27.
c7 Bxd5 28. cxd8=Q Rfxd8 29. exd5 Rc2+ 30. Kf1 Rxd5 31. Rxe7 Rdd2 32. Re2 Rxe2
33. Bxe2 Rxa2 34. Rb7 Ra1+ 35. Kf2 f6 36. Bc4+ Kh8 37. g4 Ra3 38. Ra7 Ra1 39.
Kg3 Ra3 40. Kh4 Ra1 41. Be6 h6 42. Kg3 Ra3 43. Bf7 g5 44. Be6 Ra1 45. Bf5 Kg8
46. Be4 Kf8 47. Bd5 Ke8 48. Ra6 Rd1 49. Rxa5 Ke7 50. Be4 Kf7 51. Ra7+ Kg8 52.
Bh7+ Kh8 53. Bf5 Kg8 54. Be6+ Kh8 55. Rf7 Rd6 56. Bf5 Kg8 57. Rh7 1-0

[Event "Fredericia WIM 2019"]
[Site "Fredericia"]
[Date "2019.05.30"]
[Round "2.10"]
[White "Stolberg Rohr, Thomine"]
[Black "Kubicka, Anna"]
[Result "0-1"]
[WhiteElo "2025"]
[BlackElo "2142"]
[PlyCount "78"]
[EventDate "2019.05.??"]
[EventType "tourn"]
[EventRounds "9"]
[EventCountry "DEN"]

1. Nf3 Nf6 2. g3 g6 3. Bg2 Bg7 4. O-O O-O 5. d4 d6 6. b3 Nbd7 7. Bb2 Re8 8. e3
c6 9. c4 Qc7 10. Nc3 e5 11. Rc1 Nf8 12. h3 Bf5 13. b4 Rad8 14. Qb3 Qc8 15. Kh2
e4 16. Nd2 h5 17. d5 N8h7 18. Ne2 Ng5 19. Nf4 Qd7 20. Rfd1 Ngh7 21. c5 cxd5 22.
Bxf6 Nxf6 23. Nxd5 Nxd5 24. Qxd5 dxc5 25. Qxc5 Rc8 26. Nxe4 Rxc5 27. Nxc5 Qe7
28. Bxb7 Rd8 29. e4 Rxd1 30. Rxd1 Be6 31. a3 Qf6 32. Kg2 Bf8 33. Nd7 Qe7 34.
Bc6 Bxh3+ 35. Kxh3 Qe6+ 36. Kg2 Qxc6 37. Rd5 f5 38. Ne5 Qe6 39. Nxg6 Qxe4+ 0-1

[Event "Fredericia WIM 2019"]
[Site "Fredericia"]
[Date "2019.05.31"]
[Round "4.6"]
[White "Sahl, Sheila Barth"]
[Black "Stolberg Rohr, Thomine"]
[Result "1-0"]
[WhiteElo "2127"]
[BlackElo "2025"]
[PlyCount "75"]
[EventDate "2019.05.??"]
[EventType "tourn"]
[EventRounds "9"]
[EventCountry "DEN"]

1. d4 Nf6 2. Bf4 d5 3. e3 c5 4. Nf3 Nc6 5. c3 Qb6 6. Qc1 Bf5 7. Be2 h6 8. h3 e6
9. O-O Be7 10. Nbd2 g5 11. Be5 Rg8 12. dxc5 Qxc5 13. Nb3 Qb6 14. Nbd4 g4 15.
hxg4 Bxg4 16. Nxc6 bxc6 17. Re1 Ne4 18. Nd2 Bh3 19. Bf3 Ng5 20. Bg3 Bf5 21. b4
Rd8 22. Kh1 h5 23. Be5 h4 24. Bh5 Kf8 25. Qa3 f6 26. Bd4 c5 27. Bxc5 Bxc5 28.
bxc5 Qc7 29. c6+ Kg7 30. Qa4 Rh8 31. Bg4 h3 32. g3 Ne4 33. Nxe4 Bxe4+ 34. f3
Bd3 35. Bxe6 Rd6 36. Qg4+ Kf8 37. Qf4 Ke7 38. Bxd5 1-0

[Event "Fredericia WIM 2019"]
[Site "Fredericia"]
[Date "2019.05.31"]
[Round "4.7"]
[White "Mayrhuber, Nikola"]
[Black "Kanakova, Natalie"]
[Result "0-1"]
[WhiteElo "1985"]
[BlackElo "2205"]
[PlyCount "64"]
[EventDate "2019.05.??"]
[EventType "tourn"]
[EventRounds "9"]
[EventCountry "DEN"]

1. d4 Nf6 2. c4 e6 3. Nf3 c5 4. d5 exd5 5. cxd5 d6 6. g3 g6 7. Bg2 Bg7 8. O-O
O-O 9. Nc3 Re8 10. Bf4 a6 11. a4 Bf5 12. Nd2 Nh5 13. e4 Nxf4 14. gxf4 Bc8 15.
Nc4 Qf6 16. e5 Qxf4 17. Ne4 Bxe5 18. Nxe5 Rxe5 19. Qf3 Qxf3 20. Bxf3 Bh3 21.
Rfe1 Nd7 22. Nxd6 Rg5+ 23. Kh1 Ne5 24. Ne4 Nxf3 25. Nxg5 Nxg5 26. f4 Nf3 27.
Re3 Bf5 28. Rc1 Rc8 29. d6 Rd8 30. Rxc5 Rxd6 31. Rxf3 Be4 32. Kg2 Rd3 0-1

[Event "Fredericia WIM 2019"]
[Site "Fredericia"]
[Date "2019.05.31"]
[Round "4.8"]
[White "Sucikova, Svetlana"]
[Black "Kubicka, Anna"]
[Result "1/2-1/2"]
[WhiteElo "2110"]
[BlackElo "2142"]
[PlyCount "129"]
[EventDate "2019.05.??"]
[EventType "tourn"]
[EventRounds "9"]
[EventCountry "DEN"]

1. e3 e5 2. b3 d5 3. Bb2 Bd6 4. c4 c6 5. cxd5 cxd5 6. Nc3 Nf6 7. Nb5 O-O 8.
Nxd6 Qxd6 9. Ne2 Nc6 10. Ng3 Bg4 11. Be2 Bxe2 12. Qxe2 d4 13. e4 Nb4 14. O-O g6
15. Ba3 a5 16. Qb5 Rfc8 17. Rac1 b6 18. f3 Nd7 19. Qe2 d3 20. Qe3 Rc2 21. Rxc2
dxc2 22. Rc1 Rc8 23. Ne2 Rc6 24. d4 exd4 25. Nxd4 Qc5 26. Bxb4 axb4 27. Rxc2
Qxc2 28. Nxc2 Rxc2 29. Qd3 Rc1+ 30. Kf2 Ne5 31. Qd8+ Kg7 32. Qd4 f6 33. Kg3 h5
34. Qxb4 g5 35. Qe7+ Kg6 36. Qe8+ Kh6 37. Qh8+ Kg6 38. Qg8+ Kh6 39. h4 gxh4+
40. Kf4 Ng6+ 41. Ke3 Rc2 42. a4 Rxg2 43. Qe6 Re2+ 44. Kd4 Rd2+ 45. Kc4 Rf2 46.
Qxb6 Rxf3 47. a5 h3 48. Qg1 Ne5+ 49. Kb4 Rf2 50. Ka3 h2 51. Qc1+ Kg6 52. a6 Nd3
53. Qh1 Rc2 54. a7 Nc1 55. Kb4 Nd3+ 56. Kb5 Ra2 57. Kb6 Kh6 58. b4 Nxb4 59. Kb7
Nd3 60. Kb8 Rb2+ 61. Kc8 Rc2+ 62. Kd8 Ra2 63. Kc8 Rxa7 64. Qxh2 Ne5 65. Qf2
1/2-1/2

[Event "Fredericia WIM 2019"]
[Site "Fredericia"]
[Date "2019.05.31"]
[Round "4.9"]
[White "Kakulidis, Ellen"]
[Black "Guindy, Esmat Susanne"]
[Result "1/2-1/2"]
[WhiteElo "2014"]
[BlackElo "2156"]
[PlyCount "105"]
[EventDate "2019.05.??"]
[EventType "tourn"]
[EventRounds "9"]
[EventCountry "DEN"]

1. d4 d5 2. c4 e6 3. Nf3 Nf6 4. g3 Nbd7 5. Bg2 c6 6. Qc2 Bd6 7. O-O O-O 8. Nbd2
Re8 9. Rd1 Qe7 10. e4 Nxe4 11. Nxe4 dxe4 12. Qxe4 e5 13. dxe5 Nxe5 14. Nxe5
Qxe5 15. Rxd6 Qxe4 16. Bxe4 Bh3 17. Bxh7+ Kxh7 18. Be3 Re4 19. Rd4 Rxd4 20.
Bxd4 a6 21. f3 Rd8 22. Be3 Be6 23. Rc1 b5 24. cxb5 axb5 25. b3 Bd5 26. Kf2 Kg8
27. h4 f5 28. Bc5 Re8 29. Rc3 Kf7 30. Re3 g6 31. Rxe8 Kxe8 32. Ke3 Kf7 33. Kf4
Kf6 34. Bd4+ Kf7 35. g4 Kg8 36. gxf5 gxf5 37. a4 Bxb3 38. axb5 cxb5 39. Kxf5
Bf7 40. Kf6 b4 41. f4 b3 42. f5 Be8 43. Bb2 Bf7 44. Kg5 Be8 45. h5 Bf7 46. h6
Be8 47. Kf6 Kh7 48. Bc1 b2 49. Bxb2 Kxh6 50. Ke7 Ba4 51. f6 Bb3 52. f7 Bxf7 53.
Kxf7 1/2-1/2

[Event "Fredericia WIM 2019"]
[Site "Fredericia"]
[Date "2019.06.02"]
[Round "8.10"]
[White "Mayrhuber, Nikola"]
[Black "Stolberg Rohr, Thomine"]
[Result "1-0"]
[WhiteElo "1985"]
[BlackElo "2025"]
[PlyCount "71"]
[EventDate "2019.05.??"]
[EventType "tourn"]
[EventRounds "9"]
[EventCountry "DEN"]

1. d4 Nf6 2. c4 e6 3. g3 d5 4. Bg2 Bb4+ 5. Nd2 O-O 6. Ngf3 dxc4 7. Qc2 Qe7 8.
O-O c5 9. Nxc4 cxd4 10. Nxd4 e5 11. Nb5 Na6 12. a3 Bc5 13. b4 Bb6 14. Bb2 Be6
15. Nxb6 axb6 16. Bxe5 Rac8 17. Qb2 Bc4 18. Nd6 Rc7 19. Bxf6 gxf6 20. Ne4 Kg7
21. Rfd1 Nb8 22. Rd6 Qe5 23. Qxe5 fxe5 24. Rxb6 Nd7 25. Rd6 Bxe2 26. Rd2 Bg4
27. Nd6 b6 28. a4 Nf6 29. a5 bxa5 30. bxa5 Rb8 31. a6 Ra7 32. Bb7 Nd7 33. Rc1
Be6 34. Rc8 Kf6 35. Ne4+ Ke7 36. Rxd7+ 1-0